Elementární statistická analýza
Saved in:
| Main Author: | |
|---|---|
| Other Authors: | , |
| Format: | Book |
| Language: | Czech |
| Published: |
Praha
Management Press
2001
|
| Edition: | 2. dopln. vyd. |
| Subjects: | |
| Tags: |
No Tags, Be the first to tag this record!
|
MARC
| LEADER | 00000nam$a2200000$$$4500 | ||
|---|---|---|---|
| 001 | 0043821 | ||
| 005 | 20240306141348.7 | ||
| 020 | |a 80-7261-003-1 | ||
| 041 | 0 | |a cze | |
| 044 | |a CZ | ||
| 245 | 1 | 0 | |a Elementární statistická analýza |c Lubomír Cyhelský, Jana Kahounová, Richard Hindls |
| 250 | |a 2. dopln. vyd. | ||
| 264 | 1 | |a Praha |b Management Press |c 2001 | |
| 300 | |a 319 s. | ||
| 610 | 2 | 0 | |a štatistika |
| 610 | 2 | 0 | |a zisťovanie štatistické |
| 610 | 2 | 0 | |a spracovanie dát |
| 610 | 2 | 0 | |a pravdepodobnosť |
| 610 | 2 | 0 | |a štatistika matematická |
| 610 | 2 | 0 | |a odhad štatistický |
| 610 | 2 | 0 | |a hypotézy štatistické |
| 610 | 2 | 0 | |a testy |
| 610 | 2 | 0 | |a tabuľky štatistické |
| 610 | 2 | 0 | |a analýza štatistická |
| 100 | 1 | |a Cyhelský, Lubomír | |
| 700 | 1 | |a Kahounová, Jana | |
| 700 | 1 | |a Hindls, Richard | |